| 000 | 00870cam a22002651a 4500 | ||
|---|---|---|---|
| 001 | 1312 | ||
| 005 | 20260401111119.0 | ||
| 020 | _a0060206810 | ||
| 020 | _a9781405288101 | ||
| 040 |
_aDLC _cODaWU _dOCoLC _dCGl _dDLC _beng |
||
| 050 | 0 | 0 | _aPZ8.B744 |
| 082 | _2Fic | ||
| 100 | 1 |
_aBrown, Jeff _d1926-2003. |
|
| 245 | 1 | 0 |
_aFlat Stanley _cby Jeff Brown ; illustrated by Biddulph, Rob |
| 260 |
_aNew York, N.Y. : _bMethuen & Co.Ltd _c1964. |
||
| 300 |
_a59 pages : _bIllustrations ; _c21 cm. |
||
| 490 | _aThe original classic adventure | ||
| 505 | _aN | ||
| 520 | _aAfter a bulletin board falls on Stanley while he is sleeping, he finds that being flat has its advantages. | ||
| 521 |
_a550
_bLexile |
||
| 521 |
_aN
_bRaz-Plus |
||
| 700 | 1 |
_aBrown ,Jeff _d1931-2019. |
|
| 906 |
_a7 _bcbc _coclcrpl _du _encip _f19 _gy-gencatlg |
||
| 942 |
_2ddc _cBK _n0 |
||
| 999 |
_c1312 _d1312 |
||